Plantilla Manchester City Champions League 2024/2025 - Estadísticas

Estadísticas generales
  • Esta prueba ha sido intentada 95 veces
  • La puntuación promedio es 20 de 23
Estadísticas de respuestas
Imagen Respuesta % Correcto
Ederson
99%
Erling Haaland
98%
Jack Grealish
98%
Phil Foden
98%
Rúben Dias
98%
İlkay Gündoğan
97%
Joško Gvardiol
97%
Kevin De Bruyne
97%
Rodri
97%
Bernardo Silva
95%
Nathan Aké
95%
John Stones
94%
Mateo Kovačić
92%
Manuel Akanji
90%
Jérémy Doku
87%
Savinho
86%
Nico González
80%
Stefan Ortega
78%
Omar Marmoush
74%
Abdukodir Khusanov
66%
Matheus Nunes
66%
Scott Carson
55%
James McAtee
41%
No se encontraron pruebas coincidentes
Distribución de puntuación
Porcentaje de gente con cada puntuación
Porcentaje por número respondido
Historial de tus puntuaciones
No has intentado esta prueba.